000 00869nam a22002297a 4500
003 OSt
005 20260310001157.0
008 260309b |||||||| |||| 00| 0 eng d
020 _a9781442449374
040 _aDWCL GS lib
_cOC
082 _2Fic. H722g 2013
100 _aHolub Joan
245 _aGoddess girls
_bPheme the gossip
_cJoan Holub
260 _aNew York
_bSimon & Schuster
300 _avii, 257 pages:
_billustrations
_c23cm.
520 _aPheme, the gossip-loving student at Mount Olympus Academy, faces consequences after snooping into Athena’s diary, resulting in a "red-handed" curse.
546 _aEnglish
650 _2Pheme is the Greek goddess of rumor, gossip, report, and fame.
650 _2the main character Pheme, goddess of gossip and rumors, learns valuable lessons
700 _aSuzanne Williams
942 _2ddc
_cFIC.
_n0
_hFic.
999 _c8783
_d8783